Monitoring and evaluating the effects of land reform on rural Scotland (Record no. 108618)
[ view plain ]
| 000 -LEADER | |
|---|---|
| fixed length control field | 01642cad a22003015a 4500 |
| 001 - CONTROL NUMBER | |
| control field | E144800 |
| 008 - FIXED-LENGTH DATA ELEMENTS--GENERAL INFORMATION | |
| fixed length control field | 080811s2008 xxk f 000 0 eng d |
| 020 ## - INTERNATIONAL STANDARD BOOK NUMBER | |
| International Standard Book Number | 9780755971084 |
| 035 ## - SYSTEM CONTROL NUMBER | |
| System control number | (Sirsi) u144800 |
| 041 0# - LANGUAGE CODE | |
| Language code of text/sound track or separate title | eng |
| 050 04 - LIBRARY OF CONGRESS CALL NUMBER | |
| Classification number | 346.410438 $2 18 |
| 100 1# - MAIN ENTRY--PERSONAL NAME | |
| Personal name | Slee, Bill |
| 245 00 - TITLE STATEMENT | |
| Title | Monitoring and evaluating the effects of land reform on rural Scotland |
| Remainder of title | a scoping study and impact assessment |
| Medium | [electronic resource] |
| 260 ## - PUBLICATION, DISTRIBUTION, ETC. | |
| Place of publication, distribution, etc. | Edinburgh |
| Name of publisher, distributor, etc. | Scottish Government |
| Date of publication, distribution, etc. | 2008 |
| 505 2# - FORMATTED CONTENTS NOTE | |
| Formatted contents note | Executive summary -- Introduction -- Methodological approach -- Access -- Nature conservation -- Community planning -- Property and land tenure -- Community right to buy -- Crofting community right to buy -- Stakeholder workshop -- Conclusions -- Appendices |
| 520 ## - SUMMARY, ETC. | |
| Summary, etc. | Land reform has had an impact on rural land ownership and use in Scotland, and community-based land reform is now central to Scottish rural policy. This report presents the results of a study to examine the effect of recent land reform, including determining what data and analysis are currently available, and advising the Scottish Government on research and monitoring of land reform impacts. |
| 521 ## - TARGET AUDIENCE NOTE | |
| Target audience note | Advanced |
| 590 ## - LOCAL NOTE (RLIN) | |
| Local note | KA |
| 651 #4 - SUBJECT ADDED ENTRY--GEOGRAPHIC NAME | |
| Geographic name | Scotland |
| Chronological subdivision | 1999- |
| 690 ## - LOCAL SUBJECT ADDED ENTRY--TOPICAL TERM (OCLC, RLIN) | |
| Topical term or geographic name as entry element | PROPERTY-RURAL AND NATURAL ASSETS-RURAL AND NATURAL ASSET MANAGEMENT-LAND MANAGEMENT |
| 700 1# - ADDED ENTRY--PERSONAL NAME | |
| Personal name | Brown, Katrina |
| 700 1# - ADDED ENTRY--PERSONAL NAME | |
| Personal name | Blackstock, Kirsty |
| 700 1# - ADDED ENTRY--PERSONAL NAME | |
| Personal name | Cook, Peter |
| 700 1# - ADDED ENTRY--PERSONAL NAME | |
| Personal name | Grieve, John |
| 700 1# - ADDED ENTRY--PERSONAL NAME | |
| Personal name | Moxey, Andrew |
| 856 40 - ELECTRONIC LOCATION AND ACCESS | |
| Uniform Resource Identifier | <a href="https://www.scotland.gov.uk/Publications/2008/06/12121207/0">https://www.scotland.gov.uk/Publications/2008/06/12121207/0</a> |
| Public note | View the report free of charge at www.scotland.gov.uk... |
| 942 ## - ADDED ENTRY ELEMENTS (KOHA) | |
| Suppress in OPAC | 0 |
| Withdrawn status | Lost status | Source of classification or shelving scheme | Damaged status | Not for loan | Home library | Current library | Shelving location | Date acquired | Total Checkouts | Full call number | Barcode | Date last seen | Copy number | Price effective from | Koha item type |
|---|---|---|---|---|---|---|---|---|---|---|---|---|---|---|---|
| Dewey Decimal Classification | Virtual | Virtual | Online | 11/08/2008 | ONLINE PUBLICATION | 144800-2001 | 06/08/2019 | 1 | 06/08/2019 | Book |